000 00280nam a22001337a 4500
008 170227b xxu||||| |||| 00| 0 eng d
020 _a9781850706144
041 _aeng
080 _a617
100 _a5
101 _aSHK
245 _aURO ONCOLOGY
_cKIRBY.R.S
942 _2udc
_cBK
999 _c6290
_d6290